00264nam a2200109Ia 4500008004100000041001200041082001100053100001700064245006000081260000600141650000700147221030s9999 xx 000 0 und d aEnglish a105.23 aV. S. P. Rao 0aHuman Resource Management Text & Casescby V. S. P. Rao c0 aMb